[Event "12th SRB-ch Men 2018"]
[Site "Novi Sad"]
[Date "2018.03.07"]
[Round "2"]
[White "Djordjevic, Vuk"]
[Black "Indjic, Aleksandar"]
[Result "1/2-1/2"]
[WhiteElo "2372"]
[BlackElo "2623"]
[Annotator "TA"]
[PlyCount "115"]
[EventDate "2018.??.??"]
[EventType "tourn"]
[EventCountry "SRB"]
[SourceTitle "playchess.com"]
[Source "ChessBase"]
[SourceQuality "1"]

{[%evp 19,115,0,2,-16,0,-34,-22,-22,19,19,15,19,19,4,22,0,0,0,0,0,0,0,0,-7,0,-23,0,0,0,0,0,0,0,0,13,0,0,0,20,18,20,0,0,0,0,-31,-31,-38,-38,-28,-6,-55,-19,-19,-19,-99,-99,-99,-99,-99,-99,-99,-99,-106,-89,-99,-99,-106,-99,-106,-89,-99,-99,-99,-99,-106,-92,-106,0,0,0,0,0,0,0,0,0,0,0,0,0,0,0,0,0,0,0,0]} 1. d4 g6 2. e4 Bg7 3. Nf3 d6 4. Nc3 Nf6 5. Be2 O-O 6. O-O Nc6 7. d5 Nb8 8. h3 e5 9. dxe6 Bxe6 10. Nd4 {B08: Pirc Defence: Classical System} Bd7 {LiveBook: 11 Games} 11. f4 (11. Re1 Re8 12. Bf1 Nc6 13. Nb3 a5 14. a4 Nb4 15. Bg5 h6 16. Bh4 Bc6 17. Nd4 Qd7 18. Nxc6 bxc6 {1-0 (73) Robson,R (2668)-Izoria,Z (2594) chess.com INT 2017}) 11... Nc6 12. Nb3 Re8 13. Bf3 b5 $146 ({Predecessor:} 13... a5 14. a4 Be6 15. Nd5 Nb4 16. c3 Nbxd5 17. exd5 Bf5 {0-1 (41) Kuczynski,R (2498)-Voigt,R (2419) Germany 2011}) 14. e5 dxe5 15. fxe5 Rxe5 16. Bf4 Rf5 17. Bxc6 Bxc6 18. Qxd8+ Rxd8 19. g4 {[#]} Rxf4 $1 {[%mdl 512]} 20. Rxf4 Nd5 21. Nxd5 $1 Bxd5 22. c3 Bh6 23. Rff1 Re8 24. Rfe1 Be3+ 25. Kh2 h5 26. Nd4 h4 27. Nxb5 Bf4+ 28. Kg1 Rb8 29. c4 {Threatening Nxc7.} Bg3 $1 {[%cal Rg3e1]} 30. b3 Bb7 $1 31. Re7 Rd8 $1 32. Nxc7 {Ne6 is the strong threat.} Kf8 33. Rae1 $1 Bxe1 34. Rxe1 $15 {[%mdl 4096] Endgame KRB-KRN} Rd2 35. Nd5 Bxd5 36. cxd5 Rxa2 {KR-KR} 37. d6 (37. Rd1 $11) 37... Rd2 $17 38. Ra1 Rxd6 39. Rxa7 Rd3 40. Kg2 Rxb3 41. Rc7 Rb2+ 42. Kg1 Re2 43. Ra7 Kg7 44. Ra6 Re6 45. Ra5 Re3 46. Kg2 Kh6 47. Rb5 f6 48. Ra5 Re5 (48... g5 $17 49. Ra6 Rg3+ 50. Kh2 Kg7) 49. Rxe5 $1 $11 {The position is equal.} fxe5 {K3P-KPP} 50. Kf3 Kg5 {Hoping for ...Kf6.} 51. Ke4 Kf6 52. Kd5 g5 53. Kc4 $1 Ke6 {Threatens to win with ...Kd6.} (53... e4 $5 54. Kd4 $8 Ke7 $11) 54. Kc5 $1 e4 {( -> ...e3)} 55. Kd4 {[#]} e3 $1 {[%mdl 512]} 56. Kxe3 {Strongly threatening Ke4.} Ke5 57. Kf3 Kd4 58. Kf2 {Precision: White = 57%, Black = 57%.} 1/2-1/2

[Event "12th SRB-ch Men 2018"]
[Site "Novi Sad"]
[Date "2018.03.08"]
[Round "3"]
[White "Indjic, Aleksandar"]
[Black "Damljanovic, Branko"]
[Result "1-0"]
[WhiteElo "2623"]
[BlackElo "2522"]
[Annotator "TA"]
[PlyCount "83"]
[EventDate "2018.??.??"]
[EventType "tourn"]
[EventCountry "SRB"]
[SourceTitle "playchess.com"]
[Source "ChessBase"]
[SourceQuality "1"]

{[%evp 13,83,17,14,6,8,9,7,7,8,10,12,0,0,0,14,14,25,13,16,13,22,0,17,18,27,35,67,67,63,66,66,67,70,68,70,70,68,66,74,66,66,66,94,66,69,66,117,98,116,66,67,67,156,72,178,172,193,22,160,169,378,302,227,188,580,550,29988,29989,29989,29990,29990,29990]} 1. d4 Nf6 2. Nf3 g6 3. Nc3 Bg7 4. e4 d6 5. h3 O-O 6. Be3 c6 7. Bd3 Nbd7 {LiveBook: 63 Games} 8. e5 {B08: Pirc Defence: Classical System} (8. Qe2 e5 9. dxe5 dxe5 10. Nd2 Qe7 11. Nb3 Rd8 12. g3 b5 13. a4 b4 14. Nb1 Nf8 15. N1d2 Ne6 {½-½ (48) Lobanov,S (2441)-Kulaots,K (2579) Stockholm 2018}) 8... dxe5 9. dxe5 Nd5 10. Nxd5 $1 {The position is equal.} cxd5 11. Bd4 Nb8 $146 ({Predecessor:} 11... Qc7 12. Qe2 Nc5 13. Bxc5 Qxc5 14. c3 f6 15. O-O fxe5 16. Nxe5 {½-½ (28) Ducarmon,Q (2470)-Ten Hertog,H (2457) Hilversum 2017}) 12. Qe2 Nc6 13. O-O Bd7 14. c3 a6 15. Rfe1 Nxd4 16. Nxd4 e6 17. Rad1 Qe7 18. g3 Rae8 19. f4 Qc5 20. h4 b5 21. a3 Re7 22. h5 Rb8 23. Rc1 a5 24. b4 Qb6 25. Kg2 Be8 26. Rc2 Rc7 27. Rec1 Bf8 28. g4 axb4 29. axb4 Rbc8 (29... Bg7 $14) 30. Qe3 $16 Bd7 31. Kf3 Bg7 32. Qe2 f6 (32... Bh6 $14) 33. Qe3 ({Stronger than} 33. Bxb5 fxe5 34. fxe5 Bxb5 $17) (33. hxg6 $142 hxg6 34. Bxg6) 33... fxe5 (33... Be8 $16) 34. fxe5 $18 Be8 {[#]} 35. hxg6 $2 (35. Kg2 $1 $18) 35... hxg6 (35... Bxg6 $11 36. Bxg6 hxg6) 36. Kg2 $16 Bf7 $2 (36... Rb7 {was necessary.} 37. Qg5 Qc7) 37. Bxb5 Ra7 38. Rf2 Qd8 $2 (38... Qc7 39. Qh3 Qxe5) 39. Rh1 {[#] And now Qh3 would win.} Rac7 40. Qh3 {White mates.} Qe7 41. Qh7+ Kf8 42. Qxg6 {Precision: White = 56%, Black = 36%.} 1-0

[Event "12th SRB-ch Men 2018"]
[Site "Novi Sad"]
[Date "2018.03.08"]
[Round "3"]
[White "Sedlak, Nikola"]
[Black "Perunovic, Milos"]
[Result "1-0"]
[WhiteElo "2600"]
[BlackElo "2597"]
[Annotator "TA"]
[PlyCount "59"]
[EventDate "2018.??.??"]
[EventType "tourn"]
[EventCountry "SRB"]
[SourceTitle "playchess.com"]
[Source "ChessBase"]
[SourceQuality "1"]

{[%evp 11,59,0,2,2,8,7,3,7,31,8,18,-8,-4,-6,-5,-16,-5,-31,-24,-26,-9,-9,-6,-15,-9,-12,0,-20,169,159,167,167,168,167,216,187,295,328,381,370,350,363,383,382,381,381,377,376,376,363]} 1. d4 Nf6 2. Nf3 d5 3. Bf4 Bf5 4. e3 e6 5. Nbd2 Bd6 6. Ne5 h6 {LiveBook: 3 Partien. D02: Damenbauernspiele} 7. Bd3 (7. g4 Bh7 8. h4 Nfd7 9. Bd3 Bxe5 10. dxe5 Bxd3 11. cxd3 c5 12. Nf3 Nc6 13. h5 Qb6 14. Qe2 {½-½ (93) Caruana,F (2811)-Yu,Y (2760) chess.com INT 2018}) 7... Bxd3 8. cxd3 O-O $146 {Die Stellung ist ausgeglichen.} ({Vorgänger:} 8... Nbd7 9. O-O g5 10. Bg3 Qe7 {1-0 (29) Grimm,S (1925)-Kuespert,E (1692) Germany 2007}) 9. Rc1 Nbd7 10. O-O a5 11. Nxd7 Qxd7 12. Be5 Qe7 13. e4 Nd7 14. Bg3 Bxg3 15. hxg3 dxe4 16. dxe4 c5 17. d5 Nf6 18. Nc4 Nxe4 {...Tad8 ist eine echte Drohung.} 19. d6 Qd7 $2 {[#]} (19... Qd8 $11 {und Schwarz muss sich keine Sorgen machen.}) 20. Nb6 $1 $36 {[%csl LRa8,LRd7][%mdl 2048] Schwarz muss aufpassen.} Qc6 21. Nxa8 Rxa8 22. Qf3 f5 23. Rfd1 Rd8 (23... Re8 $142 24. Rd3 c4) 24. g4 Rxd6 25. Rxd6 Qxd6 26. gxf5 exf5 {Weiß steht auf Gewinn.} 27. Qxf5 {KDT-KDS} Qd4 28. Re1 Nf6 29. Qc8+ Kh7 30. Qxb7 {Precision: Weiß = 65%, Schwarz = 48%.} 1-0

[Event "12th SRB-ch Men 2018"]
[Site "Novi Sad"]
[Date "2018.03.08"]
[Round "3"]
[White "Savic, Miodrag R"]
[Black "Markus, Robert"]
[Result "1/2-1/2"]
[WhiteElo "2535"]
[BlackElo "2615"]
[Annotator "TA"]
[PlyCount "43"]
[EventDate "2018.??.??"]
[EventType "tourn"]
[EventCountry "SRB"]
[SourceTitle "playchess.com"]
[Source "ChessBase"]
[SourceQuality "1"]

{[%evp 19,21,35,49,43]} 1. e4 e6 2. d4 d5 3. Nd2 Nf6 4. e5 Nfd7 5. c3 c5 6. Bd3 Nc6 7. Ne2 cxd4 8. cxd4 f6 9. exf6 Nxf6 10. Nf3 Qc7 {LiveBook: 207 Games. C06: French Tarrasch: 3...Nf6 4 e5 Nfd7 5 Bd3 main lines} (10... Bd6 11. O-O O-O 12. Bf4 Bxf4 13. Nxf4 Ne4 14. Qc1 Ng5 15. Nxg5 Qxg5 16. Bxh7+ Kxh7 17. Nxe6 Qf5 18. Nxf8+ Qxf8 19. Qg5 Qf5 20. Qxf5+ Bxf5 21. Rfd1 g5 22. h3 Kg6 23. Rd2 Kf6 24. f3 {½-½ (46) Sevian,S (2617)-Repka,C (2513) Lisbon 2018}) 11. Bf4 {Predecessor:} Bb4+ $146 12. Bd2 Bd6 13. O-O O-O 14. Ng3 Bd7 15. Re1 Rae8 16. a3 e5 17. dxe5 Nxe5 18. Nxe5 Bxe5 19. Rc1 Qb6 20. Be3 Qxb2 21. Re2 Qxa3 22. Bc5 {1-0 (38) Zierk,S (2493)-Orlov,G (2475) chess.com INT 2017} 1/2-1/2

[Event "12th SRB-ch Men 2018"]
[Site "Novi Sad"]
[Date "2018.03.08"]
[Round "3"]
[White "Ratkovic, Miloje"]
[Black "Markovic, Miroslav"]
[Result "0-1"]
[WhiteElo "2427"]
[BlackElo "2446"]
[Annotator "TA"]
[PlyCount "146"]
[EventDate "2018.??.??"]
[EventType "tourn"]
[EventCountry "SRB"]
[SourceTitle "playchess.com"]
[Source "ChessBase"]
[SourceQuality "1"]

{[%evp 9,146,27,27,22,59,60,58,33,37,37,41,32,35,39,38,31,35,33,57,41,53,0,0,0,0,0,4,-17,-7,-40,-28,-50,-12,-15,-12,-37,-37,-41,-29,-29,-33,-46,-21,-33,-19,-22,-4,-11,-11,-11,-4,-12,-12,-26,-23,-33,-14,-16,-11,-47,-40,-33,-37,-31,-31,-31,-33,-33,-26,-34,-33,-81,-33,-25,0,-49,-47,-58,-8,-22,0,0,0,-23,-19,-44,-44,-48,-48,-28,0,-176,0,-171,-146,-194,-129,-542,-533,-516,0,0,0,-10,-16,-30,0,0,0,0,0,0,0,0,0,-19,-19,-31,-23,-30,-17,-21,-16,-24,-17,-16,-16,-38,-38,-44,0,-150,-144,-29993,-29994,-29994,0,-29995,-29996]} 1. d4 d6 2. c4 Nf6 3. Nc3 Bf5 4. Nf3 c6 5. d5 (5. Nh4 Bg6 6. g3 e5 7. Bg2 Be7 8. O-O Nbd7 9. d5 c5 10. e4 Bh5 11. Qd3 h6 12. Nf5 Bf8 13. Nb5 {1-0 (40) Sjugirov,S (2652)-Hasangatin,R (2502) Taganrog 2018}) 5... e5 6. dxe6 {A53: Old Indian Defence without Nf3} Bxe6 7. e4 Be7 $146 ({Predecessor:} 7... g6 8. Be2 Nbd7 9. Nd4 Nc5 10. f3 Nh5 11. O-O Qh4 12. f4 Bh6 {1-0 (29) Tarasov,D (2291)-Zboev,N (2167) Kirov 2015}) 8. Bd3 {White is slightly better.} Nbd7 9. Nd4 Nc5 10. Nxe6 fxe6 11. Bc2 e5 12. O-O O-O 13. Be3 Kh8 14. b4 Ne6 15. b5 (15. Rb1 $14) 15... Qa5 $11 16. Bd2 Qc7 17. bxc6 bxc6 18. Ne2 Nd7 19. Ng3 g6 20. Bc3 Rf7 21. Rb1 Raf8 22. Qc1 Bg5 23. Qa3 Ndc5 24. Ne2 Kg8 25. Rbd1 h5 26. Bb4 Kh7 27. f3 Qe7 28. Kh1 Rb8 29. Be1 Rb6 30. Bf2 Qf8 31. Bg1 Ra6 32. Qb2 h4 33. h3 Nd7 34. a4 c5 35. Nc3 Rb6 36. Qa2 Nf6 37. Nd5 Nh5 38. Bh2 Rb8 39. a5 Nd4 40. Ba4 Bf4 41. Bxf4 Rxf4 42. Kh2 Rf7 43. Rb1 Ng3 44. Rf2 $1 Rxb1 45. Qxb1 Qd8 46. a6 Qg5 47. Be8 Rf8 48. Bd7 Nde2 {[%cal Bd4e2,Be2f4,Bf4d3][%mdl 32]} 49. Bg4 Nf4 50. Nc7 $2 (50. Nc3 $11) 50... Kh6 $2 (50... Rf7 $19 51. Ne6 Nxe6 52. Bxe6 Re7) 51. Qb7 $2 (51. Rb2 $11) 51... Rf7 {[#] Strongly threatening ...Nxh3!} 52. Qb8 {aiming for Qh8+.} Kh7 ({Better is} 52... Qe7 $19 53. Nb5 Nd3) 53. Ne8 $2 {[%mdl 8192]} (53. Rb2 $17 {nothing else works.}) 53... Nd3 54. f4 Qe7 $2 (54... exf4 $19 55. Rf3 (55. Nxd6 $2 Qe5 $19) 55... Ne5 56. Nxd6 Nxf3+ 57. Bxf3 Qe5) 55. Rf3 Rf8 (55... Nxf4 56. Rb3 $16) 56. Rxd3 Rxe8 57. Qxd6 exf4 58. Qxf4 {Hoping for Rd7.} Rf8 $1 {[%cal Rf8f4]} 59. Rd7 Qxd7 $1 60. Qxf8 Qc7 61. Kg1 Nxe4 62. Qe8 Ng3 63. Be6 Qg7 {( -> ...Qa1+)} 64. Kh2 Qf6 65. Bd5 Nf5 66. Qc8 Qd4 67. Qg8+ Kh6 68. Qf8+ Kg5 69. Qd8+ Kf4 70. Qb8+ {[#]} ({White should try} 70. Qc7+ $11 Kg5 71. Qd8+ Qf6 72. Qc8) 70... Qe5 $1 $17 {[%cal Re5b8]} 71. Qxa7 $2 {[%mdl 8192]} (71. Qb1 $17) 71... Kg5+ 72. Kg1 Qe1+ 73. Kh2 Ng3 {Precision: White = 46%, Black = 56%.} 0-1

[Event "12th SRB-ch Men 2018"]
[Site "Novi Sad"]
[Date "2018.03.08"]
[Round "3"]
[White "Rabrenovic, Vladan"]
[Black "Djordjevic, Vuk"]
[Result "1/2-1/2"]
[WhiteElo "2371"]
[BlackElo "2372"]
[Annotator "TA"]
[PlyCount "97"]
[EventDate "2018.??.??"]
[EventType "tourn"]
[EventCountry "SRB"]
[SourceTitle "playchess.com"]
[Source "ChessBase"]
[SourceQuality "1"]

{[%evp 27,97,-2,0,-17,-12,-15,-11,-12,-22,-29,-27,-26,2,0,7,-74,-62,-79,-82,-92,-92,-93,-93,-87,-85,-103,-88,-90,-34,-44,-50,-147,-62,-57,-58,-85,-52,-26,-17,-22,60,65,65,57,72,9,9,0,0,0,0,0,0,0,0,0,0,-8,-8,-8,-8,-8,-8,-8,-8,-8,-8,-8,-8,-8,-8,-8]} 1. Nf3 Nf6 2. c4 e6 3. g3 d5 4. b3 Be7 5. Bb2 b6 6. Bg2 Bb7 7. O-O O-O 8. e3 dxc4 9. bxc4 c5 10. Nc3 Nc6 11. Qe2 a6 12. d3 Qc7 13. Rab1 Rab8 14. Ba1 Rfd8 {LiveBook: 15 Games. A14: English Opening: 1...e6 with b3 by White} 15. Ne1 (15. Rfd1 Na7 16. Qc2 Bc6 17. Na4 Ne8 18. d4 cxd4 19. Bxd4 {½-½ (45) Mamedov,R (2659)-Onischuk,A (2659) Tromsoe 2014}) 15... Na7 {[#]} 16. g4 $146 ({Find the theoretical novelty and annotate with similar games:} 16. Bxb7 Rxb7 17. Nf3 b5 18. Rfd1 Nc6 {0-1 (46) Malakhatko,V (2514)-Suarez Gomez,J (2448) Pontevedra 2016}) 16... Bxg2 17. Nxg2 b5 18. g5 Ne8 19. Ne4 Nc6 20. f4 Qd7 21. cxb5 (21. Ne1 $11 {keeps the balance.}) 21... axb5 $17 22. Rfc1 Qd5 ({Much weaker is} 22... Qxd3 $6 23. Qxd3 Rxd3 24. Nxc5 $11) 23. Nc3 Qxd3 24. Qxd3 Rxd3 25. Nxb5 Nb4 26. a4 Ra8 27. Nc3 {[%cal Bb5c3,Bc3e4,Be4c5][%mdl 32]} Nd5 (27... f5 $17) 28. Ne4 $15 Nxe3 29. Rb7 (29. Nxe3 $15 Rxe3 30. Nxc5) 29... Nxg2 (29... Nd5 $17 {...c4 is the strong threat.} 30. Be5 f6) 30. Rxe7 Nxf4 {[#] And now ...Ne2+ would win.} 31. Rf1 Ng6 32. Rexf7 Rxa4 33. Nxc5 Rxa1 (33... Rg4+ $11 34. Kh1 Re3) 34. Nxd3 $14 Ra5 35. h4 {Strongly threatening Rd7.} Rd5 36. Nb4 ({White should play} 36. Ne1 $16) 36... Rd4 $1 $11 {[%cal Rd4g4] [#] White must now prevent ...Rg4+.The position is equal.} 37. Nc6 Rg4+ 38. Kh2 Rxh4+ 39. Kg3 Nf6 $1 40. Rxg7+ Kxg7 41. gxf6+ {[%mdl 4096] Endgame KRN-KRN} Kf8 42. Re1 Kf7 43. Nd8+ Kxf6 {Hoping for ...e5.} 44. Rxe6+ Kg5 45. Nf7+ Kh5 46. Ne5 Ra4 47. Nxg6 hxg6 48. Re5+ g5 49. Re3 {Precision: White = 51%, Black = 54%.} 1/2-1/2

[Event "12th SRB-ch Men 2018"]
[Site "Novi Sad"]
[Date "2018.03.09"]
[Round "4"]
[White "Perunovic, Milos"]
[Black "Savic, Miodrag R"]
[Result "1/2-1/2"]
[WhiteElo "2597"]
[BlackElo "2535"]
[Annotator "TA"]
[PlyCount "20"]
[EventDate "2018.??.??"]
[EventType "tourn"]
[EventCountry "SRB"]
[SourceTitle "playchess.com"]
[Source "ChessBase"]
[SourceQuality "1"]

{[%evp 12,20,12,6,21,14,7,0,10,1,8]} 1. e4 e5 2. Nf3 Nf6 3. d4 Nxe4 4. dxe5 d5 5. Nbd2 Nxd2 6. Bxd2 {C43: Petroff Defence: 3 d4} Be7 7. c4 {LiveBook: 3 Games. The position is equal.} d4 (7... Nc6 8. Qc2 Be6 9. Rd1 Qd7 10. Bc3 O-O-O 11. Be2 Nb4 12. Qd2 Qa4 13. b3 Qa3 {0-1 (53) Robson,R (2623)-Ivanchuk,V (2731) Tromsoe 2013}) 8. Qc2 c5 9. Bd3 Nc6 10. O-O Be6 $146 ({Predecessor:} 10... Qc7 11. Rfe1 {½-½ (34) Pedersen,S (2423)-Mantyla,R (2284) ICCF email 2007}) 1/2-1/2

[Event "12th SRB-ch Men 2018"]
[Site "Novi Sad"]
[Date "2018.03.09"]
[Round "4"]
[White "Damljanovic, Branko"]
[Black "Rabrenovic, Vladan"]
[Result "1-0"]
[WhiteElo "2522"]
[BlackElo "2371"]
[Annotator "TA"]
[PlyCount "81"]
[EventDate "2018.??.??"]
[EventType "tourn"]
[EventCountry "SRB"]
[SourceTitle "playchess.com"]
[Source "ChessBase"]
[SourceQuality "1"]

{[%evp 26,81,12,11,6,14,10,8,29,35,20,3,5,6,13,15,8,0,0,0,6,1,1,0,24,6,8,0,0,0,0,0,0,2,27,53,100,95,584,577,739,770,767,733,726,718,1074,1068,1286,1233,1275,1116,1570,1512,1544,1464,1599,1644]} 1. d4 d5 2. c4 e6 3. Nf3 Nf6 4. Nc3 Be7 5. Bg5 h6 6. Bxf6 Bxf6 7. e3 c6 8. Rc1 Nd7 9. Bd3 O-O 10. O-O dxc4 11. Bxc4 e5 12. Bb3 {D55: Queen's Gambit Declined: 4 Bg5 Be7: Lines without ...h6 and 6...h6 7 Bxf6} (12. d5 Nb6 13. b3 cxd5 14. Bxd5 Nxd5 15. Nxd5 Bf5 16. Nxf6+ gxf6 17. Nd2 Rc8 18. e4 Be6 19. Qe2 Rxc1 20. Rxc1 {½-½ (54) Wang,Y (2706)-Ma,Q (2637) China 2017}) 12... exd4 13. exd4 Nb6 14. Ne5 {LiveBook: 7 Games. The position is equal.} Bxe5 15. dxe5 Qxd1 16. Rfxd1 {[#]} Bf5 $146 17. f4 a5 {[%cal Ba7a5,Ba5a4][%mdl 32]} 18. Kf2 a4 19. Bc2 Bxc2 20. Rxc2 f6 21. e6 f5 22. Rd4 Rfe8 23. Re2 g6 24. g4 Kg7 25. g5 Re7 26. a3 h5 27. Re5 Kf8 28. Rb4 Ra6 29. Ke3 Ke8 30. Kd4 $36 {[%mdl 2048] White has the initiative.} Kd8 31. Re2 Kc7 $2 {[%mdl 8192] [#]} (31... Rc7 $16 32. Re5 Re7) 32. Rxb6 $1 $18 {[%mdl 512] White is clearly winning.} Rxb6 {[%mdl 4096] Endgame [#] KRR-KRN} 33. Ke5 $1 {[%cal Re5f6]} Ra6 34. Kf6 $1 {[%csl LRe7,LRg6]} Re8 35. Kxg6 Raa8 36. e7 Kd7 37. Kf7 b5 38. g6 Kd6 39. Rd2+ Kc5 40. Ne2 Kc4 41. Nd4 {Precision: White = 73%, Black = 49%.} 1-0

[Event "12th SRB-ch Men 2018"]
[Site "Novi Sad"]
[Date "2018.03.09"]
[Round "4"]
[White "Ratkovic, Miloje"]
[Black "Indjic, Aleksandar"]
[Result "0-1"]
[WhiteElo "2427"]
[BlackElo "2623"]
[Annotator "TA"]
[PlyCount "106"]
[EventDate "2018.??.??"]
[EventType "tourn"]
[EventCountry "SRB"]
[SourceTitle "playchess.com"]
[Source "ChessBase"]
[SourceQuality "1"]

{[%evp 21,106,-25,-25,-25,-25,-25,-25,-21,-23,-79,-46,-43,-45,-58,-31,-109,-118,-110,-105,-115,-117,-118,-118,-145,-141,-152,-146,-157,-150,-176,-165,-147,-118,-124,-124,-135,-83,-159,-151,-199,-193,-223,-223,-216,-220,-215,-215,-246,-247,-257,-259,-258,-262,-271,-268,-267,-260,-253,-199,-204,-216,-313,-314,-307,-290,-281,-284,-312,-275,-306,-212,-225,0,-362,-358,-326,-312,-363,-354,-436,-434,-687,-691,-687,-633,-748,-869]} 1. Nf3 Nf6 2. g3 d5 3. Bg2 c6 4. O-O Bf5 5. d3 h6 6. b3 e6 7. Bb2 Be7 8. Nbd2 O-O 9. e3 {[%cal Be2e3,Be3e4][%mdl 32]} a5 10. Qe2 {A07: Réti Opening: New York and Capablanca Systems} a4 11. e4 Bh7 {LiveBook: 5 Games} 12. a3 {Black has an edge.} axb3 13. cxb3 Nbd7 {[#]} 14. e5 $146 ({Predecessor:} 14. Rfc1 Nc5 15. Ne5 Nfd7 16. Nxd7 Qxd7 17. b4 Na4 18. Nb3 Nxb2 19. Qxb2 {½-½ (73) Panchanathan,M (2533)-Gurevich,D (2466) ICC INT 2010}) 14... Ne8 15. Ne1 (15. d4 $11) 15... Qb6 16. d4 Nc7 17. Nef3 Ra7 18. b4 (18. Rfc1 $15) 18... Qa6 $17 19. Qxa6 Rxa6 20. Rfe1 Nb6 21. Bf1 Ra7 22. Rac1 Nb5 23. Bxb5 cxb5 24. Rc7 Bd8 25. Rc5 Na4 26. Bc1 b6 27. Rc6 Be7 28. Nf1 Bd3 ({Black should try} 28... Rb8 29. Ne3 Raa8) 29. Ne3 (29. g4 $142) 29... Rb8 30. Nd1 Kf8 31. Nb2 Nxb2 32. Rc3 Nc4 33. Rxd3 Rba8 $1 34. Kf1 Nxa3 35. Bxa3 Rxa3 36. Rxa3 Rxa3 $19 {[%mdl 4096] Endgame KRB-KRN} 37. Ke2 Bxb4 38. Rb1 Ba5 39. Rxb5 Ra2+ 40. Ke3 Ke7 41. g4 (41. Rb3 $142) 41... Kd7 42. Rb1 Kc6 43. Rc1+ {[#]} Kb7 $1 44. Rb1 g6 {[%cal Bg7g6,Bg6g5][%mdl 32]} 45. h4 Bc3 46. Rb3 {[#]} Ba5 (46... Bb2 $142 $1 47. Ng1 Ka6) 47. Rb1 $1 Ra3+ 48. Ke2 Bc3 49. h5 g5 50. Rh1 b5 {[%cal Bb6b5,Bb5b4][%mdl 32] Black is clearly winning.} 51. Rh3 (51. Rf1 $142) 51... b4 52. Kd3 Ba1+ 53. Kd2 {[#]} Bxd4 $1 {[%mdl 512] Precision: White = 49%, Black = 80%.} 0-1

[Event "12th SRB-ch Men 2018"]
[Site "Novi Sad"]
[Date "2018.03.09"]
[Round "4"]
[White "Djordjevic, Vuk"]
[Black "Sedlak, Nikola"]
[Result "1/2-1/2"]
[WhiteElo "2372"]
[BlackElo "2600"]
[Annotator "TA"]
[PlyCount "105"]
[EventDate "2018.??.??"]
[EventType "tourn"]
[EventCountry "SRB"]
[SourceTitle "playchess.com"]
[Source "ChessBase"]
[SourceQuality "1"]

{[%evp 18,105,20,10,20,-14,0,-12,0,0,0,-5,0,0,0,-62,-54,-24,-29,-18,-21,-26,43,14,32,0,6,-46,-29,-37,-14,-11,-12,-26,-35,-48,-37,-33,-47,-97,-88,-166,-48,-83,-81,-84,-100,-83,-93,-104,-94,-114,-77,-138,-147,-141,-139,-168,0,0,0,-69,0,0,0,0,0,0,0,0,-8,-10,0,0,0,-87,0,0,0,0,0,0,0,0,0,0,0,0,0,0]} 1. d4 e6 2. Nf3 f5 3. c4 Nf6 4. g3 d5 5. Bg2 c6 6. O-O Bd6 7. Nbd2 Nbd7 8. Qc2 O-O 9. Ne1 {A90: Dutch Defence: Miscellaneous and Modern Stonewall (with ...Bd6)} (9. a3 a5 10. Rb1 Qe7 11. Ne1 b6 12. Nd3 a4 13. Nf3 Ba6 14. Nde5 Bxe5 15. dxe5 Ne4 16. cxd5 cxd5 {1-0 (41) Van Wely,L (2653)-Zhigalko,S (2647) Jurmala 2016}) 9... b6 10. Nd3 {LiveBook: 7 Games} Ba6 11. b3 Rc8 12. b4 $146 ({Predecessor:} 12. Nf3 c5 13. Bf4 Bxf4 14. Nxf4 Qe7 15. Ng5 cxd4 16. Ngxe6 Rfe8 17. Nxd4 dxc4 18. Nxf5 {1-0 (38) Grant,J (2204)-Kynoch,R (1966) Edinburgh 2011}) 12... Ne4 13. c5 Bb8 14. Nb3 Qe7 15. a4 Bc4 16. Nb2 (16. f4 $11) 16... Bxb3 $1 $15 17. Qxb3 bxc5 18. bxc5 e5 19. e3 Nef6 (19... exd4 $11 20. exd4 f4) 20. f4 e4 21. Bd2 g5 22. Be1 (22. Bh3 $11) 22... gxf4 23. exf4 h5 24. Bh3 Qh7 25. Nd1 h4 {And now ...hxg3 would win.} 26. gxh4 Nh5 27. Qe3 $1 Kh8 {[%mdl 1024] Black has compensation.} 28. Bg3 Rg8 29. Kh1 {[#]} (29. Ra2 $17 {might work better.}) 29... Ndf6 ({Black should try} 29... Rxg3 $1 $19 {[%mdl 512]} 30. hxg3 Rg8) 30. Nc3 Ng4 31. Bxg4 Rxg4 32. Ne2 Rcg8 33. Rf2 Bc7 {[%cal Bb8c7,Bc7d8,Bd8f6][%mdl 32]} 34. Rg1 Bd8 35. Rfg2 (35. Qb3 $142) 35... Qg7 $17 36. Qf2 Bf6 37. h3 {[#]} Nxg3+ (37... Rg6 $1 $19 38. Qf1 Qb7) 38. Rxg3 $15 Rxg3 ({But not} 38... Bxd4 $2 39. Qxd4 Qxd4 40. Rxg4 $18) 39. Rxg3 Qh7 (39... Qb7 $1 $15) 40. Rxg8+ $1 $11 Kxg8 41. Qg3+ Kf7 42. Qb3 Qxh4 43. Qb7+ Be7 (43... Kg6 $5 44. Ng1 $8 Qxf4 45. Qxc6 Qf2 $11) 44. Ng1 $1 Qh6 {Strongly threatening ...e3.} 45. Qc8 Qe6 (45... Qf6 $5 46. Ne2 $8 Qe6 $11) 46. Qh8 {[#]} (46. Qb8 $11) 46... Qf6 (46... Bf8 $1 $17) 47. Qh7+ {The position is equal.} Ke8 48. Ne2 Kd7 49. Ng3 Ke6 50. Qg8+ Kd7 {...Qh6 is the strong threat.} 51. Qh7 $1 Ke6 52. Qg8+ Kd7 {Threatens to win with ...Qh6.} 53. Qh7 $1 {Precision: White = 53%, Black = 62%.} 1/2-1/2